[Event "1. Bundesliga 2014/2015"]
[Site "Feffernitz, St. Veit/Glan, Mayrhofen"]
[Date "2015.03.19"]
[Round "9"]
[Board "2"]
[White "Bosiocic, Marin"]
[Black "Antal, Gergely"]
[Result "1-0"]
[WhiteElo "2556"]
[BlackElo "2510"]
[PlyCount "109"]
[EventDate "2014.11.20"]
[EventType "team"]
[EventRounds "11"]
[EventCountry "AUT"]
[WhiteTeam "SV Jacques Lemans St. Veit"]
[BlackTeam "ASVOE Wulkaprodersdorf"]

1.e4 c6 2.Nc3 d5 3.Nf3 dxe4 4.Nxe4 Nf6 5.Nxf6+ exf6 6.Bc4 Qe7+ 7.Qe2 Qxe2+ 8.Kxe2
Be6 9.b3 Bd6 10.Re1 O-O 11.Kf1 Bf5 12.c3 Nd7 13.Nh4 Bc2 14.d4 Rfe8 15.Bd2 Nb6 16.Rxe8+
Rxe8 17.Be2 g5 18.Nf3 Nd5 19.g3 Ba3 20.c4 Nb4 21.Bxb4 Bxb4 22.a3 Bf8 23.b4 Bf5 24.Ng1
a5 25.c5 Rd8 26.Rd1 Be6 27.bxa5 Ra8 28.a6 bxa6 29.Bf3 Rd8 30.Ke1 Bd7 31.Rb1 Bf5 32.Rd1
Bd7 33.Kd2 Rb8 34.Kc3 f5 35.Be2 Be6 36.Bc4 Bxc4 37.Kxc4 Rb2 38.Nf3 Rxf2 39.Ne5 Rc2+
40.Kb4 Rxh2 41.Nxc6 f4 42.gxf4 g4 43.f5 Rf2 44.Ne5 h5 45.Nd7 Be7 46.d5 a5+ 47.Kc3
Rf3+ 48.Kd4 Bg5 49.d6 g3 50.Ne5 Rf2 51.c6 g2 52.Rg1 Rd2+ 53.Ke4 h4 54.c7 Rc2 55.Rxg2 1-0

[Event "1. Bundesliga 2014/2015"]
[Site "Feffernitz, St. Veit/Glan, Mayrhofen"]
[Date "2015.03.19"]
[Round "9"]
[Board "3"]
[White "Abel, Dennes"]
[Black "Rogic, Davor"]
[Result "0-1"]
[WhiteElo "2435"]
[BlackElo "2547"]
[PlyCount "76"]
[EventDate "2014.11.20"]
[EventType "team"]
[EventRounds "11"]
[EventCountry "AUT"]
[WhiteTeam "ASVOE Wulkaprodersdorf"]
[BlackTeam "SV Jacques Lemans St. Veit"]

1.d4 d5 2.c4 c6 3.Nf3 Nf6 4.Nc3 e6 5.Bg5 Nbd7 6.cxd5 exd5 7.e3 Be7 8.Bd3 Ne4 9.Bxe7
Qxe7 10.Qc2 Ndf6 11.O-O Bf5 12.Ne5 O-O 13.Nxe4 Bxe4 14.Rab1 Bxd3 15.Nxd3 Ne4 16.Rbc1
Rfe8 17.Nc5 Nd6 18.Qe2 Qf6 19.Rfd1 Re7 20.Qf3 Qh6 21.Rc3 Rae8 22.Ra3 Nb5 23.Rad3 g5
24.Qg3 Qg6 25.h4 h6 26.hxg5 hxg5 27.Na4 Nd6 28.Nc3 Nc4 29.Na4 Kg7 30.b3 Nd6 31.Nc3
Re6 32.R3d2 Rh8 33.Re1 Rh4 34.f3 Nf5 35.Qb8 Qh6 36.Kf2 g4 37.fxg4 Rxg4 38.Kg1 Ng3 0-1

[Event "1. Bundesliga 2014/2015"]
[Site "Feffernitz, St. Veit/Glan, Mayrhofen"]
[Date "2015.03.19"]
[Round "9"]
[Board "4"]
[White "Hebesberger, Thomas"]
[Black "Volkmann, Friedrich Karl"]
[Result "0-1"]
[WhiteElo "2338"]
[BlackElo "2445"]
[PlyCount "60"]
[EventDate "2014.11.20"]
[EventType "team"]
[EventRounds "11"]
[EventCountry "AUT"]
[WhiteTeam "SV Jacques Lemans St. Veit"]
[BlackTeam "ASVOE Wulkaprodersdorf"]

1.c4 Nf6 2.g3 c6 3.Bg2 d5 4.Nf3 dxc4 5.Qc2 b5 6.a4 Bb7 7.O-O e6 8.b3 cxb3 9.Qxb3 a6
10.Ne5 Nfd7 11.Bb2 Nxe5 12.Bxe5 Nd7 13.Bb2 Qb6 14.Nc3 Be7 15.Rfc1 O-O 16.d4 c5 17.axb5
Bxg2 18.Kxg2 cxd4 19.Ne4 axb5 20.Rxa8 Rxa8 21.Qf3 Rd8 22.Rc6 Qa7 23.Qf4 Qa8 24.Qc7
Ne5 25.Qxe7 Nxc6 26.Qg5 h6 27.Nf6+ Kh8 28.Qh4 Ne5+ 29.f3 Ng6 30.Qh5 gxf6 0-1

[Event "1. Bundesliga 2014/2015"]
[Site "Feffernitz, St. Veit/Glan, Mayrhofen"]
[Date "2015.03.19"]
[Round "9"]
[Board "5"]
[White "Wallner, Joachim"]
[Black "Koop, Thorben"]
[Result "1/2-1/2"]
[WhiteElo "2331"]
[BlackElo "2417"]
[PlyCount "139"]
[EventDate "2014.11.20"]
[EventType "team"]
[EventRounds "11"]
[EventCountry "AUT"]
[WhiteTeam "ASVOE Wulkaprodersdorf"]
[BlackTeam "SV Jacques Lemans St. Veit"]

1.Nf3 g6 2.c4 Bg7 3.g3 Nf6 4.Bg2 c6 5.d4 d5 6.O-O dxc4 7.a4 a5 8.Na3 O-O 9.Nxc4 Be6
10.Qc2 Na6 11.Bd2 Nb4 12.Bxb4 axb4 13.Rfc1 Bd5 14.e3 Nd7 15.Ne1 Bxg2 16.Kxg2 e5 17.dxe5
Nxe5 18.Nxe5 Bxe5 19.Qb3 Bd6 20.Nd3 Qe7 21.Qc4 Ra5 22.b3 Rd8 23.Rd1 Raa8 24.Rac1 Rac8
25.Qg4 h5 26.Qf3 Rd7 27.Nb2 Rcd8 28.Rd3 Be5 29.Rxd7 Rxd7 30.Nc4 Bc7 31.Rd1 Rxd1 32.Qxd1
Qe4+ 33.f3 Qf5 34.e4 Qe6 35.Qd4 h4 36.gxh4 b5 37.axb5 cxb5 38.Nd2 Bf4 39.Qxb4 Qe5
40.Nf1 Qb2+ 41.Kh3 Qe2 42.Kg4 Bh6 43.Ng3 Qd3 44.f4 Bf8 45.Qe1 Qxb3 46.h5 Qe6+ 47.Kf3
b4 48.hxg6 fxg6 49.Qb1 b3 50.f5 Qf7 51.Ke2 gxf5 52.Nxf5 Qb7 53.Ne3 b2 54.Nc4 Qb5 55.Kd3
Bg7 56.e5 Bxe5 57.Ke4 Qxc4+ 58.Kxe5 Qc1 59.Qg6+ Kh8 60.Qf6+ Kh7 61.Qf7+ Kh6 62.Qf6+
Kh5 63.Qf3+ Kg5 64.Qg3+ Kh6 65.Qh4+ Kg6 66.Qf6+ Kh5 67.Qf3+ Kg5 68.Qg3+ Kh5 69.Qf3+
Kg5 70.Qg3+ 1/2-1/2

[Event "1. Bundesliga 2014/2015"]
[Site "Feffernitz, St. Veit/Glan, Mayrhofen"]
[Date "2015.03.19"]
[Round "9"]
[Board "6"]
[White "Ceschia, Ivano"]
[Black "Mesaros, Florian"]
[Result "0-1"]
[WhiteElo "2263"]
[BlackElo "2355"]
[PlyCount "128"]
[EventDate "2014.11.20"]
[EventType "team"]
[EventRounds "11"]
[EventCountry "AUT"]
[WhiteTeam "SV Jacques Lemans St. Veit"]
[BlackTeam "ASVOE Wulkaprodersdorf"]

1.e4 c5 2.Nf3 e6 3.d4 cxd4 4.Nxd4 Nc6 5.Nc3 Qc7 6.Be3 a6 7.Qf3 Bd6 8.O-O-O Be5 9.Nxc6
bxc6 10.Bd4 Nf6 11.Bxe5 Qxe5 12.Qg3 Qxg3 13.hxg3 d5 14.Bd3 g6 15.f3 O-O 16.Rh4 Kg7
17.Rdh1 Rh8 18.g4 Bb7 19.g5 Nd7 20.f4 f6 21.gxf6+ Nxf6 22.e5 Nd7 23.Be2 c5 24.Bf3
Rab8 25.Nd1 Nb6 26.Nf2 Rbf8 27.Nd3 Nd7 28.c4 Re8 29.cxd5 Bxd5 30.Bxd5 exd5 31.Ne1
Nf8 32.g4 g5 33.fxg5 Rxe5 34.Nd3 Re4 35.Kd2 Ng6 36.R4h3 c4 37.Nc5 Rxg4 38.Ne6+ Kf7
39.Nc7 Kg7 40.Ne6+ Kf7 41.Nc7 Rxg5 42.Rxh7+ Rxh7 43.Rxh7+ Kf6 44.Nxa6 d4 45.Rh2 Ke6
46.Nb4 Kd6 47.Rf2 Ne5 48.Rf6+ Kc5 49.Na6+ Kd5 50.Nb4+ Ke4 51.Re6 Rg2+ 52.Kc1 Kf5 53.Re8
Rg1+ 54.Kd2 d3 55.Nd5 Nf3+ 56.Kc3 Rc1+ 57.Kb4 d2 58.Rd8 Nd4 59.Ne3+ Kf4 60.Ng2+ Ke4
61.Re8+ Kf3 62.Ne3 Nc2+ 63.Kc3 Nxe3+ 64.Kxd2 Rc2+ 0-1

[Event "1. Bundesliga 2014/2015"]
[Site "Feffernitz, St. Veit/Glan, Mayrhofen"]
[Date "2015.03.19"]
[Round "9"]
[Board "1"]
[White "Bromberger, Stefan"]
[Black "Kozul, Zdenko"]
[Result "1-0"]
[WhiteElo "2544"]
[BlackElo "2630"]
[PlyCount "119"]
[EventDate "2014.11.20"]
[EventType "team"]
[EventRounds "11"]
[EventCountry "AUT"]
[WhiteTeam "SIR Royal Salzburg"]
[BlackTeam "SV Wolfsberg"]

1.e4 c5 2.Nf3 d6 3.d4 cxd4 4.Nxd4 Nf6 5.Nc3 Nc6 6.Bg5 e6 7.Qd2 a6 8.O-O-O Bd7 9.f4
b5 10.Bxf6 gxf6 11.Kb1 h5 12.Nxc6 Bxc6 13.Qe3 Qe7 14.Bd3 b4 15.Ne2 Qa7 16.Qh3 a5 17.f5
e5 18.Bc4 h4 19.Bd5 Rc8 20.Qb3 Rg8 21.g3 Qd7 22.Bxc6 Qxc6 23.Rd5 Rg4 24.Qd3 Qc4 25.b3
Qxd3 26.cxd3 Rc5 27.Rxc5 dxc5 28.h3 Rg8 29.g4 Kd7 30.Rc1 Be7 31.Ng1 Kc6 32.Nf3 a4
33.bxa4 Ra8 34.g5 fxg5 35.Nxe5+ Kb6 36.f6 Bd6 37.Nxf7 Bf4 38.Re1 Bg3 39.Re3 Bf4 40.Re1
Bg3 41.Rf1 g4 42.hxg4 h3 43.e5 h2 44.e6 Bf4 45.e7 Kc7 46.Nd8 Kd7 47.f7 Kxe7 48.Re1+
Be3 49.Rxe3+ Kd7 50.Rh3 Rxd8 51.Rxh2 Ke7 52.Rf2 Kf8 53.Kc2 Rd4 54.g5 Rg4 55.Rf5 Rg2+
56.Kb3 Rd2 57.g6 Rxd3+ 58.Kc4 Rc3+ 59.Kb5 Rg3 60.Rf6 1-0

[Event "1. Bundesliga 2014/2015"]
[Site "Feffernitz, St. Veit/Glan, Mayrhofen"]
[Date "2015.03.19"]
[Round "9"]
[Board "2"]
[White "Stevic, Hrvoje"]
[Black "Mons, Leon"]
[Result "1/2-1/2"]
[WhiteElo "2594"]
[BlackElo "2446"]
[PlyCount "60"]
[EventDate "2014.11.20"]
[EventType "team"]
[EventRounds "11"]
[EventCountry "AUT"]
[WhiteTeam "SV Wolfsberg"]
[BlackTeam "SIR Royal Salzburg"]

1.e4 e5 2.Nf3 Nc6 3.d4 exd4 4.Nxd4 Nf6 5.Nc3 Bb4 6.Nxc6 bxc6 7.Bd3 d5 8.exd5 O-O 9.O-O
cxd5 10.h3 c6 11.Qf3 Re8 12.Bf4 Bd6 13.Rfe1 Be6 14.Rad1 Qb8 15.Bxd6 Qxd6 16.b3 Bd7
17.Rxe8+ Rxe8 18.Qg3 Qxg3 19.fxg3 c5 20.g4 h6 21.Ne2 Bc6 22.c3 a5 23.Kf2 Kf8 24.Bc2
Ke7 25.Ng3 g6 26.Nf1 Rb8 27.Nd2 a4 28.Re1+ Kd6 29.Kg3 axb3 30.axb3 Re8 1/2-1/2

[Event "1. Bundesliga 2014/2015"]
[Site "Feffernitz, St. Veit/Glan, Mayrhofen"]
[Date "2015.03.19"]
[Round "9"]
[Board "3"]
[White "Seyb, Alexander"]
[Black "Jovanovic, Zoran"]
[Result "1/2-1/2"]
[WhiteElo "2427"]
[BlackElo "2530"]
[PlyCount "70"]
[EventDate "2014.11.20"]
[EventType "team"]
[EventRounds "11"]
[EventCountry "AUT"]
[WhiteTeam "SIR Royal Salzburg"]
[BlackTeam "SV Wolfsberg"]

1.e4 d6 2.d4 Nf6 3.Nc3 e5 4.Nf3 Nbd7 5.Bc4 Be7 6.a4 O-O 7.O-O c6 8.h3 b6 9.Qe2 Qc7
10.Ba2 a6 11.Rd1 Rb8 12.Be3 b5 13.axb5 axb5 14.b4 d5 15.exd5 Bxb4 16.d6 Bxd6 17.dxe5
Bxe5 18.Nxe5 Qxe5 19.Qd2 Qf5 20.Ne2 Ne4 21.Qa5 Ne5 22.Rd8 Be6 23.Rxb8 Rxb8 24.Nd4
Qf6 25.Bxe6 fxe6 26.Qc7 Rf8 27.Ra7 Nc4 28.Nxe6 Nxe3 29.fxe3 Re8 30.Nxg7 Qf2+ 31.Kh2
Nd2 32.Qf4 Nf1+ 33.Kh1 Ng3+ 34.Kh2 Nf1+ 35.Kh1 Ng3+ 1/2-1/2

[Event "1. Bundesliga 2014/2015"]
[Site "Feffernitz, St. Veit/Glan, Mayrhofen"]
[Date "2015.03.19"]
[Round "9"]
[Board "5"]
[White "Pitl, Gregory"]
[Black "Hresc, Vladimir"]
[Result "0-1"]
[WhiteElo "2387"]
[BlackElo "2400"]
[PlyCount "66"]
[EventDate "2014.11.20"]
[EventType "team"]
[EventRounds "11"]
[EventCountry "AUT"]
[WhiteTeam "SIR Royal Salzburg"]
[BlackTeam "SV Wolfsberg"]

1.d4 Nf6 2.c4 e6 3.Nc3 d5 4.cxd5 exd5 5.Bg5 Be7 6.e3 Nbd7 7.Qc2 c6 8.Bd3 h6 9.Bh4
Nh5 10.Bxe7 Qxe7 11.Nge2 Nb6 12.h3 Bd7 13.O-O-O O-O-O 14.Kb1 Kb8 15.Rhe1 Nf6 16.Nc1
Qd6 17.Nb3 Bc8 18.Ne2 Rhe8 19.Ng3 g6 20.Nf1 Re7 21.f3 Rde8 22.Ka1 Nh5 23.Qf2 f5 24.g4
Ng7 25.Qc2 Qf6 26.Re2 h5 27.gxh5 Nxh5 28.Rg2 g5 29.Rg1 f4 30.Qh2 Ka8 31.h4 Rg7 32.hxg5
Rxg5 33.Qh4 Rxg1 0-1

[Event "1. Bundesliga 2014/2015"]
[Site "Feffernitz, St. Veit/Glan, Mayrhofen"]
[Date "2015.03.19"]
[Round "9"]
[Board "6"]
[White "Reichmann, Egon"]
[Black "Durakovic, Alman"]
[Result "0-1"]
[WhiteElo "2283"]
[BlackElo "2314"]
[PlyCount "84"]
[EventDate "2014.11.20"]
[EventType "team"]
[EventRounds "11"]
[EventCountry "AUT"]
[WhiteTeam "SV Wolfsberg"]
[BlackTeam "SIR Royal Salzburg"]

1.d4 Nf6 2.Nf3 c5 3.d5 e6 4.c4 exd5 5.cxd5 d6 6.Nc3 g6 7.e4 Bg7 8.Be2 O-O 9.O-O Re8
10.Nd2 Na6 11.f3 Nh5 12.f4 Bd4+ 13.Kh1 Nf6 14.Bf3 h5 15.h3 Ng4 16.Nc4 Nc7 17.Nxd6
Qxd6 18.hxg4 hxg4 19.Bxg4 Kg7 20.g3 Bxg4 21.Qxg4 Bxc3 22.bxc3 Rxe4 23.Qf3 Qxd5 24.f5
Rh8+ 25.Kg1 Qxf5 26.Qxf5 gxf5 27.Rxf5 Ne6 28.Bg5 Kg6 29.Bf6 Kxf5 30.Bxh8 Kg4 31.Rd1
Kxg3 32.Rd3+ Kg4 33.Kf2 Ra4 34.Rd2 Ng5 35.Rb2 b6 36.Ke3 Re4+ 37.Kd3 c4+ 38.Kd2 Nf3+
39.Kd1 Re1+ 40.Kc2 Re2+ 41.Kc1 Re1+ 42.Kc2 Rh1 0-1

[Event "1. Bundesliga 2014/2015"]
[Site "Feffernitz, St. Veit/Glan, Mayrhofen"]
[Date "2015.03.19"]
[Round "9"]
[Board "1"]
[White "Vitouch, Anatol"]
[Black "Lenic, Luka"]
[Result "0-1"]
[WhiteElo "2336"]
[BlackElo "2648"]
[PlyCount "86"]
[EventDate "2014.11.20"]
[EventType "team"]
[EventRounds "11"]
[EventCountry "AUT"]
[WhiteTeam "ASVOE Pamhagen"]
[BlackTeam "SV Raika Rapid Feffernitz"]

1.g3 d5 2.Nf3 Nf6 3.Bg2 c6 4.c4 e6 5.O-O Nbd7 6.b3 Be7 7.Bb2 O-O 8.Qc2 b6 9.Nc3 Bb7
10.d4 Rc8 11.e4 Bb4 12.Nd2 a6 13.a3 Be7 14.Rfe1 a5 15.exd5 cxd5 16.Nb5 Ba6 17.a4 Nb8
18.Qd3 Nc6 19.Rac1 Bb7 20.Qe2 Nb4 21.Nf1 Qd7 22.Ne3 Rfd8 23.Red1 Bc6 24.f4 Bf8 25.g4
Ne4 26.g5 f5 27.gxf6 Nxf6 28.Bh3 Re8 29.Bc3 Qf7 30.Rf1 Kh8 31.Be1 Qg6+ 32.Bg3 Qh6
33.Bg2 Bxb5 34.axb5 Bd6 35.Rce1 Rcd8 36.Ng4 Nxg4 37.Qxg4 Nc2 38.cxd5 Nxe1 39.Rxe1
exd5 40.Rxe8+ Rxe8 41.Bxd5 Qf6 42.f5 Bxg3 43.hxg3 Rd8 0-1

[Event "1. Bundesliga 2014/2015"]
[Site "Feffernitz, St. Veit/Glan, Mayrhofen"]
[Date "2015.03.19"]
[Round "9"]
[Board "2"]
[White "Schreiner, Peter"]
[Black "Hapala, Elisabeth"]
[Result "1-0"]
[WhiteElo "2435"]
[BlackElo "2074"]
[PlyCount "83"]
[EventDate "2014.11.20"]
[EventType "team"]
[EventRounds "11"]
[EventCountry "AUT"]
[WhiteTeam "SV Raika Rapid Feffernitz"]
[BlackTeam "ASVOE Pamhagen"]

1.d4 d5 2.c4 c6 3.Nf3 Nf6 4.Nc3 dxc4 5.a4 Bf5 6.Nh4 e6 7.Nxf5 exf5 8.e3 Bb4 9.Bxc4
O-O 10.O-O Nbd7 11.Qc2 g6 12.Rd1 Rc8 13.Ba2 Qb6 14.Kh1 Rfe8 15.f3 c5 16.Bd2 cxd4 17.exd4
Bd6 18.Bg5 a6 19.a5 Qb4 20.Bxf7+ Kxf7 21.Ra4 Rxc3 22.bxc3 Qb5 23.c4 Qc6 24.Qb3 Kg7
25.c5 Bb8 26.Rb4 Qc7 27.g3 Qxa5 28.Rxb7 Re1+ 29.Kg2 Rxd1 30.Qxd1 Qa2+ 31.Qd2 Qd5 32.Qb2
h6 33.Be3 Qe6 34.Bf2 f4 35.Qb3 Nd5 36.Qa4 Kf6 37.Qxd7 Ne3+ 38.Bxe3 Qxd7 39.Rxd7 fxe3
40.Rb7 e2 41.Kf2 Bxg3+ 42.hxg3 1-0

[Event "1. Bundesliga 2014/2015"]
[Site "Feffernitz, St. Veit/Glan, Mayrhofen"]
[Date "2015.03.19"]
[Round "9"]
[Board "3"]
[White "Kuthan, Andreas"]
[Black "Diermair, Andreas"]
[Result "0-1"]
[WhiteElo "2240"]
[BlackElo "2463"]
[PlyCount "80"]
[EventDate "2014.11.20"]
[EventType "team"]
[EventRounds "11"]
[EventCountry "AUT"]
[WhiteTeam "ASVOE Pamhagen"]
[BlackTeam "SV Raika Rapid Feffernitz"]

1.d4 d5 2.c4 e6 3.Nc3 c6 4.Nf3 Nf6 5.Bg5 h6 6.Bxf6 Qxf6 7.Qb3 dxc4 8.Qxc4 Nd7 9.O-O-O
Qe7 10.e3 Qb4 11.Qd3 Be7 12.Qc2 Qa5 13.Bd3 b5 14.Kb1 Bb7 15.Ne4 c5 16.Nxc5 Nxc5 17.dxc5
Rc8 18.Nd4 Bxg2 19.Bxb5+ Kf8 20.Bd7 Bxh1 21.Bxc8 Bd5 22.Nb3 Qa4 23.Qe2 g6 24.Rd4 Qc6
25.Qa6 Qc7 26.c6 Qxc6 27.Qxc6 Bxc6 28.Na5 Be8 29.Bd7 Kg7 30.Bxe8 Rxe8 31.Rd7 Bh4 32.Rxa7
Bxf2 33.Nc4 g5 34.a4 h5 35.a5 Bg1 36.h3 g4 37.hxg4 h4 38.Ne5 Rf8 39.Nf3 h3 40.b4 Rb8 0-1

[Event "1. Bundesliga 2014/2015"]
[Site "Feffernitz, St. Veit/Glan, Mayrhofen"]
[Date "2015.03.19"]
[Round "9"]
[Board "4"]
[White "Sebenik, Matej"]
[Black "Prinzjakowitsch, Bernhard"]
[Result "1-0"]
[WhiteElo "2515"]
[BlackElo "2178"]
[PlyCount "43"]
[EventDate "2014.11.20"]
[EventType "team"]
[EventRounds "11"]
[EventCountry "AUT"]
[WhiteTeam "SV Raika Rapid Feffernitz"]
[BlackTeam "ASVOE Pamhagen"]

1.d4 Nf6 2.Nf3 d5 3.c4 e6 4.g3 c6 5.Bg2 Nbd7 6.O-O Bd6 7.Nc3 O-O 8.Nd2 Re8 9.e4 dxe4
10.Ndxe4 Bf8 11.Nxf6+ Nxf6 12.Re1 Qd7 13.Bf4 Bd6 14.Be5 Qc7 15.Bxf6 gxf6 16.Ne4 Be7
17.d5 exd5 18.Nxf6+ Bxf6 19.Rxe8+ Kg7 20.cxd5 cxd5 21.Qd2 d4 22.Qb4 1-0

[Event "1. Bundesliga 2014/2015"]
[Site "Feffernitz, St. Veit/Glan, Mayrhofen"]
[Date "2015.03.19"]
[Round "9"]
[Board "5"]
[White "Horvath, Maria"]
[Black "Novak, Pavel"]
[Result "0-1"]
[WhiteElo "2033"]
[BlackElo "2331"]
[PlyCount "110"]
[EventDate "2014.11.20"]
[EventType "team"]
[EventRounds "11"]
[EventCountry "AUT"]
[WhiteTeam "ASVOE Pamhagen"]
[BlackTeam "SV Raika Rapid Feffernitz"]

1.d4 Nf6 2.c4 g6 3.Nc3 Bg7 4.e4 d6 5.f3 O-O 6.Be3 Re8 7.Nge2 Nc6 8.Qd2 Rb8 9.Nc1 e5
10.d5 Nd4 11.N1e2 c5 12.dxc6 bxc6 13.Nxd4 exd4 14.Bxd4 d5 15.cxd5 cxd5 16.e5 Nd7 17.Bb5
Qa5 18.Bxd7 Bxd7 19.O-O Bxe5 20.Bxe5 Rxe5 21.Qd4 Qb6 22.Qxb6 Rxb6 23.b3 d4 24.Ne4
f5 25.Nd2 Bb5 26.Rfc1 Re2 27.Rc8+ Kf7 28.Rd1 Rbe6 29.Rcc1 R6e3 30.a4 Ba6 31.Rc7+ Kf6
32.Rxa7 Re1+ 33.Rxe1 Rxe1+ 34.Kf2 Re2+ 35.Kg3 Bd3 36.Nc4 g5 37.Ra6+ Kg7 38.Ra7+ Kg6
39.Ra6+ Kh5 40.h3 f4+ 41.Kh2 Rc2 42.Ra7 h6 43.Rd7 Bf1 44.Rxd4 Rxg2+ 45.Kh1 Rg3 46.Nd2
Bg2+ 47.Kh2 Bxf3 48.Nxf3 Rxf3 49.b4 Ra3 50.b5 Kh4 51.Rb4 Ra2+ 52.Kg1 Kg3 53.Rb1 f3
54.b6 Rg2+ 55.Kh1 Rh2+ 0-1

[Event "1. Bundesliga 2014/2015"]
[Site "Feffernitz, St. Veit/Glan, Mayrhofen"]
[Date "2015.03.19"]
[Round "9"]
[Board "6"]
[White "Bachlechner, Julian"]
[Black "Rusek, Walter"]
[Result "1-0"]
[WhiteElo "1968"]
[BlackElo "1811"]
[PlyCount "71"]
[EventDate "2014.11.20"]
[EventType "team"]
[EventRounds "11"]
[EventCountry "AUT"]
[WhiteTeam "SV Raika Rapid Feffernitz"]
[BlackTeam "ASVOE Pamhagen"]

1.d4 d5 2.c4 c6 3.Nf3 Nf6 4.Nc3 dxc4 5.a4 Bf5 6.e3 e6 7.Bxc4 Bb4 8.O-O O-O 9.Qe2 Nbd7
10.Na2 Bd6 11.b4 e5 12.Bb2 Qe7 13.Nh4 Be6 14.Bxe6 Qxe6 15.dxe5 Nxe5 16.Nf3 Nxf3+ 17.Qxf3
Rfd8 18.b5 cxb5 19.axb5 Qg4 20.Bxf6 Qxf3 21.gxf3 gxf6 22.Nc3 a6 23.bxa6 Rxa6 24.Rab1
b6 25.Rb5 Bc5 26.Ne4 Be7 27.Rfb1 Rb8 28.Kg2 Bd8 29.f4 Rba8 30.Rd5 Be7 31.Rd7 Kf8 32.Rb7
Bd8 33.Rd1 Be7 34.Rdd7 Re8 35.Nxf6 Bxf6 36.Rxf7+ 1-0

[Event "1. Bundesliga 2014/2015"]
[Site "Feffernitz, St. Veit/Glan, Mayrhofen"]
[Date "2015.03.20"]
[Round "10"]
[Board "1"]
[White "Haba, Petr"]
[Black "Lenic, Luka"]
[Result "1/2-1/2"]
[WhiteElo "2512"]
[BlackElo "2648"]
[PlyCount "62"]
[EventDate "2014.11.20"]
[EventType "team"]
[EventRounds "11"]
[EventCountry "AUT"]
[WhiteTeam "Spk. Grieskirchen/Schallerbach"]
[BlackTeam "SV Raika Rapid Feffernitz"]

1.e4 e5 2.Nf3 Nc6 3.Bb5 a6 4.Ba4 Nf6 5.O-O b5 6.Bb3 Bc5 7.a4 Rb8 8.axb5 axb5 9.Nxe5
Nxe5 10.d4 Bxd4 11.Qxd4 d6 12.f4 Nc6 13.Qd3 Be6 14.Bxe6 fxe6 15.e5 dxe5 16.Qxd8+ Rxd8
17.fxe5 Nd5 18.Bg5 Rb8 19.Nc3 Nxc3 20.bxc3 Rf8 21.Rfd1 Rf5 22.Ra6 Nxe5 23.Rxe6+ Kf7
24.Re7+ Kf8 25.Bh4 Ng6 26.Re4 Nxh4 27.Rxh4 Kg8 28.Rd7 Rbf8 29.h3 R8f7 30.Rd8+ Rf8
31.Rd7 R8f7 1/2-1/2

[Event "1. Bundesliga 2014/2015"]
[Site "Feffernitz, St. Veit/Glan, Mayrhofen"]
[Date "2015.03.20"]
[Round "10"]
[Board "2"]
[White "Schreiner, Peter"]
[Black "Kilgus, Georg"]
[Result "1/2-1/2"]
[WhiteElo "2435"]
[BlackElo "2429"]
[PlyCount "89"]
[EventDate "2014.11.20"]
[EventType "team"]
[EventRounds "11"]
[EventCountry "AUT"]
[WhiteTeam "SV Raika Rapid Feffernitz"]
[BlackTeam "Spk. Grieskirchen/Schallerbach"]

1.d4 Nf6 2.c4 g6 3.Nf3 Bg7 4.g3 c5 5.Bg2 Qa5+ 6.Bd2 Qb6 7.dxc5 Qxc5 8.Qb3 d6 9.O-O
O-O 10.Nc3 Nbd7 11.Rac1 Qh5 12.Qb5 Qxb5 13.cxb5 Nb6 14.b3 Bg4 15.h3 Bxf3 16.Bxf3 d5
17.Be3 Rfd8 18.Na4 Nxa4 19.bxa4 Ne8 20.Rc2 e6 21.Rfc1 Bf8 22.a5 Bb4 23.a6 bxa6 24.bxa6
Ba5 25.Rc6 Nd6 26.Bg5 Rd7 27.e3 Kg7 28.Bf4 Rad8 29.Be5+ f6 30.Ba1 Kf7 31.h4 Rb8 32.Kg2
Rb6 33.Bd4 Rxc6 34.Rxc6 Nc4 35.Bg4 f5 36.Be2 e5 37.Bc5 e4 38.Bd4 Bb6 39.Bxc4 Bxd4
40.Bb5 Be5 41.Rc5 Rd8 42.Ba4 Ke6 43.Bb3 h6 44.Rb5 Rd6 45.f4 1/2-1/2

[Event "1. Bundesliga 2014/2015"]
[Site "Feffernitz, St. Veit/Glan, Mayrhofen"]
[Date "2015.03.20"]
[Round "10"]
[Board "3"]
[White "Schwabeneder, Florian"]
[Black "Diermair, Andreas"]
[Result "0-1"]
[WhiteElo "2320"]
[BlackElo "2463"]
[PlyCount "68"]
[EventDate "2014.11.20"]
[EventType "team"]
[EventRounds "11"]
[EventCountry "AUT"]
[WhiteTeam "Spk. Grieskirchen/Schallerbach"]
[BlackTeam "SV Raika Rapid Feffernitz"]

1.e4 e5 2.Nf3 Nc6 3.Bb5 a6 4.Ba4 Nf6 5.O-O Be7 6.Re1 b5 7.Bb3 O-O 8.d3 d6 9.c3 Na5
10.Bc2 c5 11.Nbd2 Nc6 12.Nf1 Re8 13.Ng3 h6 14.h3 Be6 15.d4 cxd4 16.cxd4 exd4 17.Nxd4
Nxd4 18.Qxd4 Rc8 19.Bb3 d5 20.e5 Nd7 21.Bf4 Bc5 22.Qd2 Qh4 23.Nf1 Nb6 24.Bg3 Qe7 25.Qd3
Nc4 26.Re2 d4 27.Bh2 Qg5 28.g4 h5 29.f4 Qh4 30.f5 Bd5 31.gxh5 Qg5+ 32.Bg3 Nxe5 33.h4
Qg4 34.Nh2 Qxe2 0-1

[Event "1. Bundesliga 2014/2015"]
[Site "Feffernitz, St. Veit/Glan, Mayrhofen"]
[Date "2015.03.20"]
[Round "10"]
[Board "4"]
[White "Sebenik, Matej"]
[Black "Singer, Christoph"]
[Result "1/2-1/2"]
[WhiteElo "2515"]
[BlackElo "2358"]
[PlyCount "141"]
[EventDate "2014.11.20"]
[EventType "team"]
[EventRounds "11"]
[EventCountry "AUT"]
[WhiteTeam "SV Raika Rapid Feffernitz"]
[BlackTeam "Spk. Grieskirchen/Schallerbach"]

1.d4 d5 2.c4 e6 3.Nf3 Nf6 4.Nc3 Be7 5.Bf4 O-O 6.a3 dxc4 7.e3 b6 8.Bxc4 Bb7 9.O-O Nbd7
10.Qe2 Nh5 11.Rfd1 Nxf4 12.exf4 Nf6 13.Ne5 Nd5 14.Nxd5 exd5 15.Ba6 Bxa6 16.Qxa6 Bd6
17.Qb7 Qh4 18.g3 Qh5 19.Qxd5 Rae8 20.Kg2 Re6 21.Qf3 Qf5 22.Rac1 Rfe8 23.Re1 a5 24.Re3
R6e7 25.Rce1 h6 26.R1e2 Qb1 27.f5 f6 28.Ng6 Rxe3 29.fxe3 Re4 30.Kh3 Kh7 31.Nf4 Bxf4
32.gxf4 Qd3 33.Kg2 Re7 34.d5 Qxf5 35.e4 Qd7 36.e5 Qf5 37.e6 Qg6+ 38.Kf2 f5 39.Re5
Qf6 40.Kg3 g5 41.Kf2 g4 42.Qd3 Kg6 43.Kg2 h5 44.a4 h4 45.Kf1 h3 46.Qc2 Qf8 47.Qd3
Qf6 48.Qa3 Qf8 49.Ke2 Qf6 50.Qe3 Qf8 51.Kd1 Qh6 52.Kc1 Qh4 53.Qd3 Qf6 54.Kb1 Rh7 55.Qe3
Re7 56.Qe1 Kh5 57.Qd1 Kg6 58.d6 cxd6 59.Qxd6 Qf8 60.Qxb6 Qa8 61.Qf2 Qh1+ 62.Re1 Qd5
63.Qe3 Qe4+ 64.Qxe4 fxe4 65.Rxe4 Kf5 66.Re5+ Kxf4 67.Rxa5 g3 68.hxg3+ Kxg3 69.Rg5+
Kf2 70.Rh5 Kg2 71.Rg5+ 1/2-1/2

[Event "1. Bundesliga 2014/2015"]
[Site "Feffernitz, St. Veit/Glan, Mayrhofen"]
[Date "2015.03.20"]
[Round "10"]
[Board "5"]
[White "Lentrodt, Thomas"]
[Black "Novak, Pavel"]
[Result "1-0"]
[WhiteElo "2271"]
[BlackElo "2331"]
[PlyCount "85"]
[EventDate "2014.11.20"]
[EventType "team"]
[EventRounds "11"]
[EventCountry "AUT"]
[WhiteTeam "Spk. Grieskirchen/Schallerbach"]
[BlackTeam "SV Raika Rapid Feffernitz"]

1.d4 d5 2.Nf3 Nf6 3.c4 c6 4.Nc3 dxc4 5.a4 Bf5 6.Ne5 Nbd7 7.Nxc4 Qc7 8.g3 e5 9.dxe5
Nxe5 10.Bf4 Nfd7 11.Bg2 g5 12.Nxe5 gxf4 13.Nxd7 Bxd7 14.Qd4 Rg8 15.Bf3 fxg3 16.hxg3
Bg7 17.Qe3+ Be6 18.Rd1 Qb6 19.Qc1 h6 20.Rh5 a6 21.Kf1 Rd8 22.Rxd8+ Kxd8 23.a5 Qb4
24.Qa1 Kc8 25.Rh4 Qb3 26.Kg2 Rd8 27.Qc1 Kb8 28.Na4 Bd4 29.Nc5 Bxc5 30.Qxc5 Qb5 31.Qc3
Rd1 32.Rb4 Qf5 33.Rxb7+ Ka8 34.g4 Qb1 35.Bxc6 Rg1+ 36.Kf3 Bxg4+ 37.Ke3 Qc1+ 38.Qxc1
Rxc1 39.Be4 Ra1 40.f3 Bf5 41.Rb6+ Bxe4 42.Rxa6+ Kb7 43.Rb6+ 1-0

[Event "1. Bundesliga 2014/2015"]
[Site "Feffernitz, St. Veit/Glan, Mayrhofen"]
[Date "2015.03.20"]
[Round "10"]
[Board "6"]
[White "Bachlechner, Julian"]
[Black "Schueller, Ernst"]
[Result "1/2-1/2"]
[WhiteElo "1968"]
[BlackElo "2185"]
[PlyCount "105"]
[EventDate "2014.11.20"]
[EventType "team"]
[EventRounds "11"]
[EventCountry "AUT"]
[WhiteTeam "SV Raika Rapid Feffernitz"]
[BlackTeam "Spk. Grieskirchen/Schallerbach"]

1.d4 Nf6 2.c4 c6 3.Nf3 g6 4.g3 Bg7 5.Bg2 O-O 6.O-O d6 7.Nc3 Qc7 8.e4 Bg4 9.Be3 e5
10.Qd2 Bxf3 11.Bxf3 Nbd7 12.d5 a6 13.b4 cxd5 14.Nxd5 Nxd5 15.cxd5 f5 16.Rac1 Qd8 17.Bg5
Nf6 18.Rc4 Rc8 19.Rfc1 Qd7 20.Rxc8 Rxc8 21.Rxc8+ Qxc8 22.Bxf6 Bxf6 23.exf5 Qxf5 24.Bd1
Bd8 25.Bc2 Qc8 26.Bd3 Bb6 27.Qc2 Qg4 28.Be4 Kg7 29.Kg2 Qd7 30.h4 Kh8 31.Qd3 a5 32.bxa5
Bxa5 33.Qe3 Bd8 34.Qh6 Qg7 35.Qxg7+ Kxg7 36.Kf3 h5 37.Bd3 Kh6 38.Ke4 Bb6 39.f4 exf4
40.Kxf4 Bf2 41.Be2 Be1 42.Bd3 Kg7 43.Be2 Kf6 44.Bd3 Bd2+ 45.Ke4 g5 46.hxg5+ Kxg5 47.Kf3
Be1 48.Bb5 Kf6 49.Be8 Ke5 50.Bxh5 Kxd5 51.Ke2 Bxg3 52.Bf3+ Kc5 53.Bxb7 1/2-1/2